Theories of regulation an overview
Normatívna a pozitívna teória regulácie. Teória verejného a súkromného záujmu regulácie. Chicagska teória regulácie.
Guardado en:
| Autor principal: | |
|---|---|
| Formato: | Capítulo de libro |
| Lenguaje: | inglés |
| Materias: | |
| Etiquetas: |
Sin Etiquetas, Sea el primero en etiquetar este registro!
|
MARC
| LEADER | 00000nla a2200000 4500 | ||
|---|---|---|---|
| 001 | 0213107 | ||
| 005 | 20240502073539.3 | ||
| 041 | 0 | |a eng | |
| 044 | |a SK | ||
| 245 | 1 | 0 | |a Theories of regulation an overview |c Michael Gschwandtner |
| 520 | |a Normatívna a pozitívna teória regulácie. Teória verejného a súkromného záujmu regulácie. Chicagska teória regulácie. | ||
| 610 | 2 | 0 | |a teória regulovania |
| 610 | 2 | 0 | |a regulácia |
| 610 | 2 | 0 | |a záujem o prácu |
| 100 | 1 | |a Gschwandtner, Michael | |